• 首页
  • 本馆介绍
  • 公告通知
  • 最新文献
  • 馆藏检索
  • 电子资源
  • 读者导购
  • 参考咨询
  • 我的图书馆
  • 登录
  • 详细信息显示
  • 放入我的书架
  • 预约/预借图书
  • 作者相关作品
  • 分类相关作品
  • 丛书相关作品
  • 出版社相关作品

书目信息

  • 表格格式
  • 工作单格式
  • 卡片格式
题名:
12周形成积极的生活方式
    
 
作者: 布莱尔 著 ;赵小棠 译
分册:  
出版信息: 北京   北京科学技术出版社  2020.11
页数: 10,215页
开本: 24cm
丛书名:
单 册:
中图分类: G806-62
科图分类:
主题词: 体育锻炼--指南
电子资源:
ISBN: 978-7-5714-1158-9
000 01231nam0 2200265 450
001 012001002782
005 20140203092816.0
010    @a978-7-5714-1158-9@dCNY48.00
100    @a20220905d2020 em y0chiy50 ea
101 1  @achi@ceng
102    @aCN@b110000
105    @aa z 000yy
106    @ar
200 1  @a12周形成积极的生活方式@A12 zhou xing cheng ji ji de sheng huo fang shi@e日常锻炼习惯养成指南@f(美)史蒂文·N. 布莱尔(Steven N. Blair)等著@g赵小棠译
210    @a北京@c北京科学技术出版社@d2020.11
215    @a10,215页@c图@d24cm
300    @a2019年京津冀体育健身休闲发展协同创新中心(2011协同创新中心)(市级)(科研类)
304    @a著者还有:(美)安德里亚·L. 邓恩(Andrea L. Dunn)、 (美)贝丝·H. 马库斯(Bess H. Marcus)、(美)露丝·安·卡彭特(Ruth Ann Carpenter)、(美)彼得·贾雷特(Peter Jaret)
330    @a本书共分十二章,内容包括:准备好了,出发;寻找新的机会;克服挑战;设定目标,奖励自己;获得信心;获得支持;避免陷阱;一步一步;化解压力;寻找新的运动机会;积极规划;做出持久的改变。
606 0  @a体育锻炼@j指南
690    @aG806-62@v5
701  0 @c(美)@a布莱尔@Abu lai er@c(Blair, Steven N.)@4著
702  0 @a赵小棠@Azhao xiao tang@4译
801  0 @aCN@bAHXH@c20221111
905    @b1375071-3@dG806-62@e2067@f3
    
    12周形成积极的生活方式:日常锻炼习惯养成指南/(美)史蒂文·N. 布莱尔(Steven N. Blair)等著/赵小棠译.-北京:北京科学技术出版社,2020.11
    10,215页:图;24cm
    2019年京津冀体育健身休闲发展协同创新中心(2011协同创新中心)(市级)(科研类)
    
    ISBN 978-7-5714-1158-9:CNY48.00
    本书共分十二章,内容包括:准备好了,出发;寻找新的机会;克服挑战;设定目标,奖励自己;获得信心;获得支持;避免陷阱;一步一步;化解压力;寻找新的运动机会;积极规划;做出持久的改变。
●
相关链接 在E读中查询图书 在五车中查询图书 在当当中查询图书 在豆瓣中查询图书


正题名:12周形成积极的生活方式     索取号:G806-62/2067         预约/预借

序号 登录号 条形码 馆藏地/架位号 状态 备注
1 1375071   213750715   第一样本阅览室/ [索取号:G806-62/2067] 在馆    
2 1375072   213750724   第四借阅区/ [索取号:G806-62/2067] 在馆    
3 1375073   213750733   第四借阅区/ [索取号:G806-62/2067] 在馆    
唐山师范学院图书馆 欢迎您!
大连网信软件有限公司© 版权所有